000 01260cam a22002771i 4500
003 SA-RiAUC
005 20250917121612.0
008 250915s1984 ye g f000 0 ara c
040 _aSA-RiAUC
_bara
_cSA-RiAUC
_erda
050 4 _bS22. 1984
082 0 4 _a258.7
_qSA-RiAUC
090 _a258.7
_bس ي ا
100 1 _aالسياغي، الحسين بن أحمد بن الحسين،
_d1180-1221 هجري
_eمؤلف.
245 1 2 _aالمزن الماطر على الروض الناضر في آداب المناظر /
_cتأليف الحسين بن أحمد السياغي صاحب الروض النظير.
250 _aالطبعة الأولى.
264 1 _aصنعاء :
_bمركز الدراسات والبحوث اليمني،
_c1984
300 _a139 صفحة ؛
_c20 سم
336 _aنص
_btxt
_2rdacontent
_3كتاب
337 _aبدون وسيط
_bn
_2rdamedia
338 _aمجلد
_bnc
_2rdacarrier
650 7 _aفقه الزيدية
_2aucsh
650 7 _aفقه الشيعة
_2aucsh
700 1 2 _iشرح لـ :
_aالجلال اليمني، الحسن بن أحمد بن محمد،
_d1014-1084 هجري.
_tالروض الناضر في آداب المناظر
942 _2ddc
_cBOOK
_n0
949 _aSA-JeALM
_d250915
_umohamedma123
_n1
999 _c11844
_d11844